Estudio acerca de la Validez Predictiva del Ranking de Notas.
Uloženo v:
| Korporativní autor: | |
|---|---|
| Médium: | Kniha |
| Jazyk: | angličtina |
| Vydáno: |
Santiago, Chile:
Comisión Ranking de Notas (Sistema único de Admisión, CRUCH),
2017.
|
| Vydání: | 1a. edición. |
| Témata: | |
| Tagy: |
Přidat tag
Žádné tagy, Buďte první, kdo vytvoří štítek k tomuto záznamu!
|
MARC
| LEADER | 00000nam a22000007a 4500 | ||
|---|---|---|---|
| 003 | CL-VaPUC | ||
| 005 | 20230410154508.0 | ||
| 008 | 230330t2017 ||||| |||| 00| 0 eng d | ||
| 999 | |c 440401 |d 440399 | ||
| 020 | |a 978-956-7581-10-8 | ||
| 040 | |c Pontificia Universidad Católica de Valparaíso | ||
| 082 | |2 22 |a 378.166 CON 2017 | ||
| 110 | |9 560937 |a Consejo de Rectores de las Universidades Chilenas (CRUCH) |e autor | ||
| 245 | |a Estudio acerca de la Validez Predictiva del Ranking de Notas. | ||
| 250 | |a 1a. edición. | ||
| 260 | |a Santiago, Chile: |b Comisión Ranking de Notas (Sistema único de Admisión, CRUCH), |c 2017. | ||
| 300 | |a 63 páginas. | ||
| 583 | |c 20230330 |k Yessy Sthefany Diaz Vidal | ||
| 650 | 0 | |9 407335 |a Universidades chilenas |v Análisis estadístico |x Rendimiento académico |x Capacidad predictiva |x Ranking de notas | |
| 650 | 0 | |9 407335 |a Universidades chilenas |v Análisis correlacional |x Factores de selección |x Ranking de notas |x Puntaje NEM | |
| 942 | |2 ddc |c BK | ||
| 952 | |0 0 |1 0 |2 ddc |4 0 |6 378_166000000000000_CON_2017 |7 0 |8 ED_SUP |9 589360 |a BIBGIM |b BIBGIM |c S_PSTGRDO |d 2023-03-30 |e Donación |i 5656680 |o 378.166 CON 2017 |p 5656680 |r 2025-01-15 |t 1 |w 2023-03-30 |y BK |k ESU | ||